Occasional bulletin from the Missionary Research Library. (Record no. 1649)

MARC details
000 -LEADER
fixed length control field 02262cas a2200553 i 4500
001 - CONTROL NUMBER
control field data
005 - DATE AND TIME OF LATEST TRANSACTION
control field 20260322212111.0
008 - FIXED-LENGTH DATA ELEMENTS--GENERAL INFORMATION
fixed length control field data
010 ## - LIBRARY OF CONGRESS CONTROL NUMBER
LC control number 62027240
016 ## - NATIONAL BIBLIOGRAPHIC AGENCY CONTROL NUMBER
Record control number (AMICUS)000000785191
019 ## -
-- 1033052803
022 ## - INTERNATIONAL STANDARD SERIAL NUMBER
International Standard Serial Number 0026-606X
023 0# - CLUSTER ISSN
Cluster ISSN 0026-606X
029 1# - OTHER SYSTEM CONTROL NUMBER (OCLC)
OCLC library identifier AU@
System control number 000023186634
029 1# - OTHER SYSTEM CONTROL NUMBER (OCLC)
OCLC library identifier NLC
System control number 000000785191
029 1# - OTHER SYSTEM CONTROL NUMBER (OCLC)
OCLC library identifier NZ1
System control number 3775959
035 ## - SYSTEM CONTROL NUMBER
System control number (OCoLC)1779879
040 ## - CATALOGING SOURCE
Original cataloging agency DLC
Language of cataloging eng
Transcribing agency MUL
Modifying agency OCLCQ
-- NSD
-- DLC
-- OCL
-- NSD
-- DLC
-- OCLCQ
-- OCLCF
-- OCLCO
-- CGU
-- NLC
-- OCLCQ
-- OCL
-- OCLCL
-- OCLCQ
042 ## - AUTHENTICATION CODE
Authentication code pcc
050 00 - LIBRARY OF CONGRESS CALL NUMBER
Classification number BV2350
Item number .N45
082 0# - DEWEY DECIMAL CLASSIFICATION NUMBER
Classification number 266/.005
110 2# - MAIN ENTRY--CORPORATE NAME
Corporate name or jurisdiction name as entry element Missionary Research Library (New York, N.Y.)
Real World Object URI https://id.oclc.org/worldcat/entity/E39QQPVp7TX3Rwf4GtV4Vy3HRg
245 10 - TITLE STATEMENT
Title Occasional bulletin from the Missionary Research Library.
247 01 - FORMER TITLE
Title Occasional bulletin - Missionary Research Library
Date or sequential designation 1950-Mar. 1958
260 ## - PUBLICATION, DISTRIBUTION, ETC.
Place of publication, distribution, etc. New York :
Name of publisher, distributor, etc. [Missionary Research Library],
Date of publication, distribution, etc. [1950-1976]
300 ## - PHYSICAL DESCRIPTION
Extent 26 volumes ;
Dimensions 29 cm
336 ## - CONTENT TYPE
Content type term text
Content type code txt
Source rdacontent
337 ## - MEDIA TYPE
Media type term unmediated
Media type code n
Source rdamedia
338 ## - CARRIER TYPE
Carrier type term volume
Carrier type code nc
Source rdacarrier
362 0# - DATES OF PUBLICATION AND/OR SEQUENTIAL DESIGNATION
Dates of publication and/or sequential designation V. [1]- Mar. 1950-
362 1# - DATES OF PUBLICATION AND/OR SEQUENTIAL DESIGNATION
Dates of publication and/or sequential designation Ceased with v. 26, no. 8 (Nov./Dec. 1976).
500 ## - GENERAL NOTE
General note Title varies slightly.
515 ## - NUMBERING PECULIARITIES NOTE
Numbering peculiarities note Vol. 23, no. 6-7 never published.
547 ## - FORMER TITLE COMPLEXITY NOTE
Former title complexity note Title varies: 1950-March 1958, Occasional bulletin -- April 1958-December 1976, Occasional bulletin from the Missionary Research Library.
555 ## - CUMULATIVE INDEX/FINDING AIDS NOTE
Cumulative index/finding aids note Vols. 1-5, 1950-1954, with v. 4-6; Vols. 6-8, 1955-1957, with v. 7-8.
590 ## - LOCAL NOTE (RLIN)
Local note SERBIB/SERLOC merged record
650 #0 - SUBJECT ADDED ENTRY--TOPICAL TERM
Topical term or geographic name entry element Missions.
650 #0 - SUBJECT ADDED ENTRY--TOPICAL TERM
Topical term or geographic name entry element Missions
Form subdivision Bibliography.
650 #7 - SUBJECT ADDED ENTRY--TOPICAL TERM
Topical term or geographic name entry element Missions.
Source of heading or term fast
Authority record control number or standard number (OCoLC)fst01023771
655 #7 - INDEX TERM--GENRE/FORM
Genre/form data or focus term Bibliographies.
Source of term fast
Authority record control number or standard number (OCoLC)fst01919895
776 08 - ADDITIONAL PHYSICAL FORM ENTRY
Relationship information Online version:
Title Occasional bulletin (Missionary Research Library : Online)
International Standard Serial Number 0026-606X
Record control number (OCoLC)456218480
785 00 - SUCCEEDING ENTRY
Title Occasional bulletin of missionary research
International Standard Serial Number 0364-2178
Record control number (OCoLC)2650440
-- (OCoLC)2650440
890 ## -
-- New York. Missionary Research Library. Occasional bulletin.
-- sv88-77249
906 ## - LOCAL DATA ELEMENT F, LDF (RLIN)
a 7
b cbc
c serials
d 3
e ncip
f 19
g n-oclcserc
920 ## -
-- Keep 1
991 ## -
-- c-GenColl
-- BV2350
-- .N45
-- SERIALS
992 ## -
-- SER
-- SERLOC
Holdings
Withdrawn status Lost status Damaged status Not for loan Home library Current library Shelving location Date acquired Total checkouts Full call number Barcode Date last seen Price effective from Koha item type
        Institut Protestant de Théologie Institut Protestant de Théologie General stacks 22/03/2026   266/.005 LOC-IPT-00040 22/03/2026 22/03/2026 Books